[Event "Ruhrgebiet Verbandsbezirksliga Gr 1"]
[Site "Ruhrgebiet"]
[Date "2019.04.07"]
[Round "8.2"]
[White "Mueller, Andreas"]
[Black "Happel, Ludger"]
[Result "1/2-1/2"]
[WhiteElo "1688"]
[BlackElo "1792"]
[PlyCount "65"]
[EventDate "2018.09.30"]
[EventType "team-tourn"]
[EventRounds "9"]
[EventCountry "GER"]
[SourceTitle "EXT 2022"]
[Source "ChessBase"]
[SourceDate "2021.10.06"]
[SourceVersion "1"]
[SourceVersionDate "2021.10.06"]
[SourceQuality "1"]
[WhiteTeam "Werl SC 1981 II"]
[BlackTeam "Hamm Koenigsspringer II"]
[WhiteTeamCountry "GER"]
[BlackTeamCountry "GER"]

1. e4 Nc6 2. d4 d5 3. e5 Nh6 4. Be2 Bf5 5. a3 e6 6. Nf3 f6 7. 0-0 Nf7 8. Bb5 Qd7 9. Re1 a6 10. Ba4 b5 11. Bb3 fxe5 12. Nxe5 Nfxe5 13. dxe5 Bc5 14. c3 Qf7 15. Be3 Be7 16. f4 0-0 17. Nd2 Na5 18. Bc2 Nc4 19. Nxc4 bxc4 20. Bxf5 Qxf5 21. Qb1 Qxb1 22. Raxb1 Rab8 23. a4 Rb3 24. Bc1 Rfb8 25. Ra1 c5 26. Rd1 d4 27. cxd4 cxd4 28. Kf1 c3 29. bxc3 dxc3 30. Ra2 Rc8 31. Rd3 Rb1 32. Rc2 Bb4 33. Ke2 1/2-1/2

[Event "Ruhrgebiet Verbandsbezirksliga Gr 1"]
[Site "Ruhrgebiet"]
[Date "2019.02.10"]
[Round "6.2"]
[White "Titschert, Julian"]
[Black "Happel, Ludger"]
[Result "1/2-1/2"]
[WhiteElo "1860"]
[BlackElo "1792"]
[PlyCount "64"]
[EventDate "2018.09.30"]
[EventType "team-tourn"]
[EventRounds "9"]
[EventCountry "GER"]
[SourceTitle "EXT 2022"]
[Source "ChessBase"]
[SourceDate "2021.10.06"]
[SourceVersion "1"]
[SourceVersionDate "2021.10.06"]
[SourceQuality "1"]
[WhiteTeam "Luenen Horstmar SC"]
[BlackTeam "Hamm Koenigsspringer II"]
[WhiteTeamCountry "GER"]
[BlackTeamCountry "GER"]

1. d4 Nf6 2. c4 e6 3. Nf3 Bb4+ 4. Bd2 Bxd2+ 5. Qxd2 0-0 6. Nc3 d5 7. e3 Nc6 8. Bd3 Nb4 9. Be2 dxc4 10. Bxc4 Nbd5 11. 0-0 Nxc3 12. Qxc3 b6 13. Rac1 Bb7 14. Ne5 Rc8 15. Rfd1 Ne4 16. Qc2 Nd6 17. Bd3 h6 18. Nc6 Bxc6 19. Qxc6 Qe7 20. Ba6 Rcd8 21. Qxc7 Rd7 22. Qc2 Qg5 23. Bd3 Qe7 24. Qa4 Rfd8 25. Rc3 Qg5 26. Rdc1 Qe7 27. Qa6 e5 28. dxe5 Qxe5 29. Qa4 Ne4 30. Bxe4 Qxe4 31. Qb3 Qe6 32. g3 Qxb3 1/2-1/2

[Event "Ruhrgebiet Verbandsbezirksliga Gr 1"]
[Site "Ruhrgebiet"]
[Date "2019.01.27"]
[Round "5.2"]
[White "Happel, Ludger"]
[Black "Rybicki, Hans"]
[Result "1/2-1/2"]
[WhiteElo "1792"]
[BlackElo "1756"]
[PlyCount "37"]
[EventDate "2018.09.30"]
[EventType "team-tourn"]
[EventRounds "9"]
[EventCountry "GER"]
[SourceTitle "EXT 2022"]
[Source "ChessBase"]
[SourceDate "2021.10.06"]
[SourceVersion "1"]
[SourceVersionDate "2021.10.06"]
[SourceQuality "1"]
[WhiteTeam "Hamm Koenigsspringer II"]
[BlackTeam "Kamen SV III"]
[WhiteTeamCountry "GER"]
[BlackTeamCountry "GER"]

1. d4 Nf6 2. Nf3 d6 3. g3 g6 4. Bg2 Bg7 5. 0-0 0-0 6. Nc3 c6 7. e4 Nbd7 8. Re1 e5 9. dxe5 dxe5 10. Qd6 Re8 11. Be3 Bf8 12. Qd2 Ng4 13. Bg5 f6 14. Be3 Nxe3 15. Qxe3 Bc5 16. Qe2 Nb6 17. h4 Be6 18. Rad1 Qe7 19. Nh2 1/2-1/2

[Event "Ruhrgebiet Verbandsbezirksliga Gr 1"]
[Site "Ruhrgebiet"]
[Date "2018.12.16"]
[Round "4.2"]
[White "Burosch, Raimund"]
[Black "Happel, Ludger"]
[Result "1/2-1/2"]
[WhiteElo "1390"]
[BlackElo "1792"]
[PlyCount "54"]
[EventDate "2018.09.30"]
[EventType "team-tourn"]
[EventRounds "9"]
[EventCountry "GER"]
[SourceTitle "EXT 2022"]
[Source "ChessBase"]
[SourceDate "2021.10.06"]
[SourceVersion "1"]
[SourceVersionDate "2021.10.06"]
[SourceQuality "1"]
[WhiteTeam "Unna SV II"]
[BlackTeam "Hamm Koenigsspringer II"]
[WhiteTeamCountry "GER"]
[BlackTeamCountry "GER"]

1. e4 Nf6 2. d3 d6 3. Nf3 g6 4. g3 Bg7 5. Bg2 0-0 6. 0-0 e5 7. Nbd2 c6 8. c3 Re8 9. Re1 Qc7 10. Nf1 d5 11. Qe2 dxe4 12. dxe4 a5 13. h4 Na6 14. N1h2 b5 15. Bd2 Nc5 16. Ng5 h6 17. Nh3 Bxh3 18. Bxh3 Ncxe4 19. Be3 Nd6 20. Rad1 Nd5 21. Bc1 e4 22. Ng4 Nf5 23. Bg2 h5 24. Ne3 Nfxe3 25. Bxe3 Nxe3 26. Qxe3 Kh7 27. Qc5 f5 1/2-1/2

[Event "Ruhrgebiet Verbandsbezirksliga Gr 1"]
[Site "Ruhrgebiet"]
[Date "2018.09.30"]
[Round "1.1"]
[White "Happel, Ludger"]
[Black "Bauch, Sieghard"]
[Result "1/2-1/2"]
[WhiteElo "1792"]
[BlackElo "1847"]
[PlyCount "43"]
[EventDate "2018.09.30"]
[EventType "team-tourn"]
[EventRounds "9"]
[EventCountry "GER"]
[SourceTitle "EXT 2022"]
[Source "ChessBase"]
[SourceDate "2021.10.06"]
[SourceVersion "1"]
[SourceVersionDate "2021.10.06"]
[SourceQuality "1"]
[WhiteTeam "Hamm Koenigsspringer II"]
[BlackTeam "Hamm SG Caissa"]
[WhiteTeamCountry "GER"]
[BlackTeamCountry "GER"]

1. c4 e6 2. Nf3 f5 3. d4 Nf6 4. g3 c6 5. Bg2 d5 6. b3 Bd6 7. 0-0 0-0 8. e3 Qe7 9. Bb2 Bd7 10. Nc3 Be8 11. Rc1 Bh5 12. Qc2 Nbd7 13. cxd5 Bxf3 14. Bxf3 exd5 15. Bg2 Ng4 16. Qe2 Ndf6 17. Rce1 Rae8 18. h3 Nh6 19. Qd1 Ne4 20. Kh2 Qh4 21. Nxe4 fxe4 22. Ba3 1/2-1/2

[Event "Ruhrgebiet Bezirksliga 17/18"]
[Site "Ruhrgebiet"]
[Date "2017.12.17"]
[Round "5.2"]
[White "Karmainski, Andreas"]
[Black "Happel, Ludger"]
[Result "1-0"]
[WhiteElo "2106"]
[BlackElo "1817"]
[PlyCount "77"]
[EventDate "2017.09.03"]
[EventType "team-tourn"]
[EventRounds "9"]
[EventCountry "GER"]
[SourceTitle "EXT 2022"]
[Source "ChessBase"]
[SourceDate "2021.10.06"]
[SourceVersion "1"]
[SourceVersionDate "2021.10.06"]
[SourceQuality "1"]
[WhiteTeam "Werl Wickede SG"]
[BlackTeam "Hamm Koenigsspringer II"]
[WhiteTeamCountry "GER"]
[BlackTeamCountry "GER"]

1. e4 Nf6 2. e5 Nd5 3. d4 d6 4. Nf3 Nc6 5. c4 Nb6 6. exd6 exd6 7. Bd3 Bg4 8. Be3 Qd7 9. Nbd2 Be7 10. a3 a5 11. Qc2 Bh5 12. h4 Bg6 13. h5 Bxd3 14. Qxd3 h6 15. 0-0-0 Bf6 16. Kb1 d5 17. c5 Nc8 18. Ka1 N8e7 19. Rdg1 Nf5 20. g4 Nxe3 21. Qxe3+ Qe7 22. Qc3 0-0-0 23. Nb3 a4 24. Na5 Qd7 25. g5 hxg5 26. Nxc6 Qxc6 27. Nxg5 Bxg5 28. Rxg5 Rh7 29. Rhg1 Qd7 30. Qd3 Rh6 31. Qd1 g6 32. hxg6 Rxg6 33. Rxg6 fxg6 34. Rxg6 Rf8 35. c6 bxc6 36. Qxa4 Qf7 37. Qa8+ Kd7 38. Qxc6+ Kc8 39. Rd6 1-0

[Event "Ruhrgebiet Verbandsliga Gruppe 2 1617"]
[Site "Germany"]
[Date "2016.11.27"]
[Round "4.8"]
[White "Happel, Ludger"]
[Black "Kleff, Tim"]
[Result "1/2-1/2"]
[WhiteElo "1788"]
[BlackElo "1607"]
[PlyCount "49"]
[EventDate "2016.09.04"]
[EventType "team-tourn"]
[EventRounds "9"]
[EventCountry "GER"]
[SourceTitle "EXT 2022"]
[Source "ChessBase"]
[SourceDate "2021.10.06"]
[SourceVersion "1"]
[SourceVersionDate "2021.10.06"]
[SourceQuality "1"]
[WhiteTeam "Hamm Koenigsspringer"]
[BlackTeam "Welper SV II"]
[WhiteTeamCountry "GER"]
[BlackTeamCountry "GER"]

1. Nf3 d5 2. d4 Nf6 3. Nc3 e6 4. Bg5 Bb4 5. e3 h6 6. Bxf6 Qxf6 7. Be2 c5 8. 0-0 Bxc3 9. bxc3 c4 10. Ne5 Nd7 11. f4 g6 12. Rb1 Nb6 13. Qc1 Qe7 14. Rb4 Rg8 15. Qd2 Kd8 16. a4 f6 17. a5 fxe5 18. axb6 exf4 19. exf4 a5 20. Rbb1 Ra6 21. Qe3 Qd6 22. Qe5 Ke7 23. Bg4 Bd7 24. Qe1 Kf7 25. Qe5 1/2-1/2

[Event "Ruhrgebiet Verbandsliga Gruppe 2 1617"]
[Site "Germany"]
[Date "2016.10.30"]
[Round "3.7"]
[White "Happel, Ludger"]
[Black "Stachnik, Adam"]
[Result "1/2-1/2"]
[WhiteElo "1788"]
[BlackElo "1785"]
[PlyCount "45"]
[EventDate "2016.09.04"]
[EventType "team-tourn"]
[EventRounds "9"]
[EventCountry "GER"]
[SourceTitle "EXT 2022"]
[Source "ChessBase"]
[SourceDate "2021.10.06"]
[SourceVersion "1"]
[SourceVersionDate "2021.10.06"]
[SourceQuality "1"]
[WhiteTeam "Hamm Koenigsspringer"]
[BlackTeam "Bochum SG III"]
[WhiteTeamCountry "GER"]
[BlackTeamCountry "GER"]

1. Nf3 c5 2. e4 e6 3. d4 cxd4 4. Nxd4 a6 5. Nc3 Qc7 6. Be2 Nf6 7. 0-0 Bb4 8. Qd3 d6 9. Qg3 Nbd7 10. Bd2 b5 11. Ncxb5 axb5 12. Bxb4 Nxe4 13. Qxg7 Rf8 14. Bxb5 Bb7 15. a4 Ke7 16. Qh6 Rg8 17. g3 Ne5 18. Qe3 Ng4 19. Qe2 Ng5 20. Qxg4 Nf3+ 21. Qxf3 Bxf3 22. Nxf3 Qxc2 23. Bc3 1/2-1/2

[Event "Ruhrgebiet Verbandsliga Gruppe 1 1516"]
[Site "Germany"]
[Date "2016.01.24"]
[Round "6.8"]
[White "Happel, Ludger"]
[Black "Fitz, Bernd"]
[Result "0-1"]
[WhiteElo "1813"]
[BlackElo "1744"]
[PlyCount "78"]
[EventDate "2015.09.06"]
[EventType "team-tourn"]
[EventRounds "9"]
[EventCountry "GER"]
[SourceTitle "EXT 2022"]
[Source "ChessBase"]
[SourceDate "2021.10.06"]
[SourceVersion "1"]
[SourceVersionDate "2021.10.06"]
[SourceQuality "1"]
[WhiteTeam "Hamm Koenigsspringer"]
[BlackTeam "Hoentrop SG"]
[WhiteTeamCountry "GER"]
[BlackTeamCountry "GER"]

1. d4 d5 2. Nf3 Nf6 3. Bf4 e6 4. e3 Be7 5. Nc3 a6 6. Bd3 0-0 7. 0-0 Nbd7 8. e4 dxe4 9. Nxe4 Nxe4 10. Bxe4 Nf6 11. Bd3 b6 12. c3 Bb7 13. Qe2 b5 14. a3 Qc8 15. b4 Bd5 16. Ne5 Qb7 17. f3 Rfd8 18. Rae1 c6 19. Bb1 a5 20. Qc2 g6 21. Ng4 Nxg4 22. fxg4 axb4 23. axb4 Ra7 24. Re3 Rda8 25. Rh3 Ra2 26. Bxa2 Rxa2 27. Qxa2 Bxa2 28. Ra1 Qa6 29. Rf3 Qa3 30. Rf2 Qxc3 31. Raxa2 Qxd4 32. h3 g5 33. Bc1 Bxb4 34. Bxg5 Bc5 35. Bh4 Qd1+ 36. Kh2 Bxf2 37. Bxf2 Kg7 38. g5 Qd5 39. h4 Qxa2 0-1

[Event "Ruhrgebiet Verbandsliga Gruppe 1 1516"]
[Site "Germany"]
[Date "2015.11.29"]
[Round "4.8"]
[White "Huestegge, Ulrich"]
[Black "Happel, Ludger"]
[Result "1-0"]
[WhiteElo "1756"]
[BlackElo "1813"]
[PlyCount "47"]
[EventDate "2015.09.06"]
[EventType "team-tourn"]
[EventRounds "9"]
[EventCountry "GER"]
[SourceTitle "EXT 2022"]
[Source "ChessBase"]
[SourceDate "2021.10.06"]
[SourceVersion "1"]
[SourceVersionDate "2021.10.06"]
[SourceQuality "1"]
[WhiteTeam "Bottrop SV"]
[BlackTeam "Hamm Koenigsspringer"]
[WhiteTeamCountry "GER"]
[BlackTeamCountry "GER"]

1. c4 Nf6 2. Nc3 e6 3. e4 d6 4. g3 b6 5. Bg2 Bb7 6. Nge2 c5 7. 0-0 Be7 8. e5 Bxg2 9. exf6 Bxf1 10. fxe7 Qxe7 11. Qxf1 0-0 12. d4 Nc6 13. d5 Ne5 14. b3 exd5 15. Nxd5 Nf3+ 16. Kg2 Qe4 17. Ndc3 Ne1+ 18. Kg1 Nf3+ 19. Kh1 Qf5 20. Be3 Rfe8 21. Nf4 g5 22. Nfd5 Re6 23. Qg2 Rd8 24. g4 1-0

[Event "Ruhrgebiet Verbandsliga Gruppe 1 1516"]
[Site "Germany"]
[Date "2015.09.27"]
[Round "2.8"]
[White "Altieri, Dennis"]
[Black "Happel, Ludger"]
[Result "0-1"]
[WhiteElo "1598"]
[BlackElo "1813"]
[PlyCount "64"]
[EventDate "2015.09.06"]
[EventType "team-tourn"]
[EventRounds "9"]
[EventCountry "GER"]
[SourceTitle "EXT 2022"]
[Source "ChessBase"]
[SourceDate "2021.10.06"]
[SourceVersion "1"]
[SourceVersionDate "2021.10.06"]
[SourceQuality "1"]
[WhiteTeam "Buer SF"]
[BlackTeam "Hamm Koenigsspringer"]
[WhiteTeamCountry "GER"]
[BlackTeamCountry "GER"]

1. f4 d5 2. Nf3 Nf6 3. e3 c5 4. c3 Nc6 5. d4 e6 6. Bd3 Bd7 7. 0-0 Rc8 8. Nbd2 cxd4 9. exd4 Bd6 10. Ne5 0-0 11. Ndf3 Ne4 12. Qe2 f5 13. Nxd7 Qxd7 14. Ne5 Qe7 15. Rf3 a6 16. Rh3 g6 17. g4 Bxe5 18. dxe5 fxg4 19. Qxg4 Qf7 20. Be3 Ne7 21. Qg2 Nc5 22. Bc2 Nf5 23. Bxc5 Rxc5 24. Rf1 Qc7 25. Bxf5 Rxf5 26. Rff3 Rc4 27. Rh4 Re4 28. Qf2 Qf7 29. Qc5 Rexe5 30. Qc8+ Kg7 31. Rxh7+ Kxh7 32. Rh3+ Rh5 0-1

[Event "Ruhrgebiet Regionalliga 1415"]
[Site "Germany"]
[Date "2015.03.15"]
[Round "7.8"]
[White "Happel, Ludger"]
[Black "Henrichs, Wenke"]
[Result "0-1"]
[WhiteElo "1856"]
[BlackElo "2053"]
[PlyCount "110"]
[EventDate "2014.09.28"]
[EventType "team-tourn"]
[EventRounds "9"]
[EventCountry "GER"]
[SourceTitle "EXT 2022"]
[Source "ChessBase"]
[SourceDate "2021.10.06"]
[SourceVersion "1"]
[SourceVersionDate "2021.10.06"]
[SourceQuality "1"]
[WhiteTeam "Hamm Koenigsspringer"]
[BlackTeam "Wattenscheid SV II"]
[WhiteTeamCountry "GER"]
[BlackTeamCountry "GER"]

1. Nf3 e6 2. d4 f5 3. g3 Nf6 4. Bg2 d5 5. 0-0 Bd6 6. c4 c6 7. c5 Bc7 8. Bg5 Nbd7 9. e3 0-0 10. Nc3 Qe7 11. b4 a6 12. Qb3 h6 13. Bf4 e5 14. dxe5 Nxe5 15. Nxe5 Bxe5 16. Rad1 Bxf4 17. gxf4 Be6 18. Qc2 Ne4 19. Ne2 Rae8 20. Nd4 Bc8 21. Nf3 Kh7 22. Ne5 g5 23. f3 Nf6 24. Qf2 gxf4 25. exf4 Nh5 26. Nd3 Rg8 27. Rfe1 Qg7 28. Rxe8 Rxe8 29. Re1 Rxe1+ 30. Qxe1 Qd4+ 31. Nf2 Nxf4 32. Bf1 Be6 33. Kh1 Kg7 34. Nd3 Bf7 35. Qg3+ Ng6 36. a3 Qe3 37. h4 f4 38. Qg2 Kf6 39. Qb2+ d4 40. Nf2 Ke7 41. Qe2 Nxh4 42. Ng4 Qxe2 43. Bxe2 h5 44. Nf2 Bd5 45. Nh3 Ng6 46. Kg2 Kf6 47. Kf2 Ke5 48. Bd3 Nh4 49. Ng5 Nf5 50. Kg2 Ne3+ 51. Kf2 Nd1+ 52. Ke2 Nb2 53. Be4 Bxe4 54. Nxe4 d3+ 55. Kf2 Kd4 0-1

[Event "Ruhrgebiet Regionalliga 1415"]
[Site "Germany"]
[Date "2014.11.23"]
[Round "3.8"]
[White "Happel, Ludger"]
[Black "Korste, Sebastian"]
[Result "0-1"]
[WhiteElo "1856"]
[BlackElo "1942"]
[PlyCount "98"]
[EventDate "2014.09.28"]
[EventType "team-tourn"]
[EventRounds "9"]
[EventCountry "GER"]
[SourceTitle "EXT 2022"]
[Source "ChessBase"]
[SourceDate "2021.10.06"]
[SourceVersion "1"]
[SourceVersionDate "2021.10.06"]
[SourceQuality "1"]
[WhiteTeam "Hamm Koenigsspringer"]
[BlackTeam "Borbeck Weisse Dame"]
[WhiteTeamCountry "GER"]
[BlackTeamCountry "GER"]

1. Nf3 Nf6 2. d4 e6 3. g3 b6 4. Bg2 Bb7 5. 0-0 c5 6. c4 cxd4 7. Nxd4 Bxg2 8. Kxg2 a6 9. Nc3 Qc7 10. Qd3 Nc6 11. Qf3 Rc8 12. Nxc6 Qxc6 13. Qxc6 Rxc6 14. Na4 Rxc4 15. b3 Rc6 16. Be3 Nd5 17. Bd4 b5 18. e4 Nb4 19. Nb2 Nc2 20. Rad1 Nxd4 21. Rxd4 Bc5 22. Rd3 Ba3 23. Nd1 Rc2 24. Ne3 Rxa2 25. Rfd1 0-0 26. Rxd7 Bc5 27. R1d2 Rxd2 28. Rxd2 Bxe3 29. fxe3 Ra8 30. e5 a5 31. Kf3 a4 32. bxa4 bxa4 33. Ra2 a3 34. Ke4 g5 35. h3 Kg7 36. g4 Kg6 37. Kf3 Ra4 38. Ke2 h5 39. Kf3 hxg4+ 40. hxg4 Kg7 41. Kg3 Kf8 42. Kf3 Ke7 43. e4 Kd7 44. Ke3 Kc6 45. Kd3 Kc5 46. Rc2+ Kb4 47. Rc4+ Kb3 48. Rc3+ Kb2 49. Rc2+ Kb1 0-1

[Event "Ruhrgebiet VL2 0304"]
[Site "Ruhrgebiet"]
[Date "2004.04.25"]
[Round "9.7"]
[White "Masberg, Stefan"]
[Black "Happel, Ludger"]
[Result "1/2-1/2"]
[WhiteElo "1912"]
[BlackElo "1839"]
[PlyCount "30"]
[EventDate "2003.09.28"]
[EventType "team"]
[EventRounds "9"]
[EventCountry "GER"]
[SourceTitle "EXT 2007"]
[Source "ChessBase"]
[SourceDate "2006.11.23"]
[SourceVersion "1"]
[SourceVersionDate "2006.11.23"]
[SourceQuality "1"]
[WhiteTeam "Bottrop"]
[BlackTeam "Hamm 45/58"]
[WhiteTeamCountry "GER"]
[BlackTeamCountry "GER"]

1. e4 d5 2. exd5 Nf6 3. Nc3 Nxd5 4. Qf3 Nxc3 5. Qxc3 Bf5 6. Nf3 e6 7. Be2 Nd7 8. 0-0 c6 9. Re1 Nf6 10. Qb3 Qc7 11. Nd4 Bg6 12. d3 Bd6 13. h3 0-0 14. Bg5 Nd5 15. Bf3 a5 1/2-1/2

[Event "Ruhrgebiet VL2 0304"]
[Site "Ruhrgebiet"]
[Date "2004.02.29"]
[Round "7.8"]
[White "Happel, Ludger"]
[Black "Babczyk, Adrian"]
[Result "0-1"]
[WhiteElo "1839"]
[BlackElo "1822"]
[PlyCount "44"]
[EventDate "2003.09.28"]
[EventType "team"]
[EventRounds "9"]
[EventCountry "GER"]
[SourceTitle "EXT 2007"]
[Source "ChessBase"]
[SourceDate "2006.11.23"]
[SourceVersion "1"]
[SourceVersionDate "2006.11.23"]
[SourceQuality "1"]
[WhiteTeam "Hamm 45/58"]
[BlackTeam "Berghofen Wambel"]
[WhiteTeamCountry "GER"]
[BlackTeamCountry "GER"]

1. Nf3 Nf6 2. g3 d5 3. Bg2 c5 4. c4 e6 5. 0-0 Nc6 6. cxd5 exd5 7. d4 Be6 8. Nc3 Rc8 9. a3 cxd4 10. Nxd4 Nxd4 11. Qxd4 Bc5 12. Qe5 h6 13. Rd1 Bxf2+ 14. Kf1 0-0 15. Bf3 Bb6 16. Nxd5 Nxd5 17. Bxd5 Re8 18. Ke1 Bxd5 19. Qxd5 Qf6 20. Qg2 Rc2 21. Rd2 Ba5 22. Kd1 Rxd2+ 0-1

[Event "Ruhrgebiet VL2 0304"]
[Site "Ruhrgebiet"]
[Date "2004.02.08"]
[Round "6.8"]
[White "Lucke, Thomas"]
[Black "Happel, Ludger"]
[Result "0-1"]
[WhiteElo "1893"]
[BlackElo "1839"]
[PlyCount "77"]
[EventDate "2003.09.28"]
[EventType "team"]
[EventRounds "9"]
[EventCountry "GER"]
[SourceTitle "EXT 2007"]
[Source "ChessBase"]
[SourceDate "2006.11.23"]
[SourceVersion "1"]
[SourceVersionDate "2006.11.23"]
[SourceQuality "1"]
[WhiteTeam "Castrop Rauxel II"]
[BlackTeam "Hamm 45/58"]
[WhiteTeamCountry "GER"]
[BlackTeamCountry "GER"]

1. d4 d5 2. Nf3 Nf6 3. g3 c6 4. Bg2 Bg4 5. 0-0 e6 6. Nbd2 Bd6 7. c4 Nbd7 8. Re1 0-0 9. e4 dxe4 10. Nxe4 Bb4 11. Nc3 h6 12. Qb3 Qa5 13. Bd2 Bxc3 14. Bxc3 Qb6 15. h3 Qxb3 16. axb3 Bf5 17. Nd2 Rfd8 18. b4 a6 19. Ra3 Nb6 20. Rea1 Bd3 21. b3 Kh8 22. f4 Kg8 23. Kf2 Rd7 24. Ke3 Bf5 25. R3a2 Rad8 26. g4 Bg6 27. Nf1 Re8 28. Ng3 Nc8 29. Re1 Nd6 30. Kf2 Rdd8 31. Rd2 Rc8 32. d5 cxd5 33. Bxf6 gxf6 34. cxd5 Rcd8 35. dxe6 fxe6 36. f5 exf5 37. Rxe8+ Bxe8 38. Nxf5 Ne4+ 39. Ke3 0-1

[Event "Ruhrgebiet VL2 0304"]
[Site "Ruhrgebiet"]
[Date "2003.12.07"]
[Round "4.8"]
[White "Happel, Ludger"]
[Black "Loskarn, Peter"]
[Result "0-1"]
[WhiteElo "1839"]
[BlackElo "1881"]
[PlyCount "76"]
[EventDate "2003.09.28"]
[EventType "team"]
[EventRounds "9"]
[EventCountry "GER"]
[SourceTitle "EXT 2007"]
[Source "ChessBase"]
[SourceDate "2006.11.23"]
[SourceVersion "1"]
[SourceVersionDate "2006.11.23"]
[SourceQuality "1"]
[WhiteTeam "Hamm 45/58"]
[BlackTeam "Wacker Bergeborbeck"]
[WhiteTeamCountry "GER"]
[BlackTeamCountry "GER"]

1. Nf3 f5 2. g3 Nf6 3. Bg2 g6 4. 0-0 Bg7 5. d4 0-0 6. c4 e6 7. Nc3 d6 8. Rb1 a5 9. a3 h6 10. b4 axb4 11. axb4 c6 12. c5 d5 13. Ne5 Kh7 14. b5 Nfd7 15. bxc6 bxc6 16. Rb3 Nxe5 17. dxe5 Bxe5 18. Bf4 Bxf4 19. gxf4 Nd7 20. Rb1 Nxc5 21. e3 Ba6 22. Ne2 Qd7 23. Kh1 Rfb8 24. Rc1 Nb3 25. Rc3 c5 26. Rg1 Qg7 27. Rxb3 Rxb3 28. Qxb3 Bxe2 29. Qb6 Ra1 30. h3 Rxg1+ 31. Kxg1 Qe7 32. Qb2 Bd3 33. Qe5 Qf7 34. Bf3 c4 35. Bd1 g5 36. fxg5 hxg5 37. f4 Qg7 38. Qxe6 gxf4+ 0-1

[Event "Ruhrgebiet VL2 0304"]
[Site "Ruhrgebiet"]
[Date "2003.11.09"]
[Round "3.7"]
[White "Happel, Ludger"]
[Black "Lauche, Christoph"]
[Result "0-1"]
[WhiteElo "1839"]
[BlackElo "1782"]
[PlyCount "94"]
[EventDate "2003.09.28"]
[EventType "team"]
[EventRounds "9"]
[EventCountry "GER"]
[SourceTitle "EXT 2007"]
[Source "ChessBase"]
[SourceDate "2006.11.23"]
[SourceVersion "1"]
[SourceVersionDate "2006.11.23"]
[SourceQuality "1"]
[WhiteTeam "Hamm 45/58"]
[BlackTeam "Bochum Post"]
[WhiteTeamCountry "GER"]
[BlackTeamCountry "GER"]

1. Nf3 f5 2. g3 Nf6 3. Bg2 g6 4. 0-0 Bg7 5. d4 0-0 6. c4 d6 7. Nc3 Nc6 8. d5 Ne5 9. Nxe5 dxe5 10. e4 e6 11. Bg5 h6 12. Bxf6 Qxf6 13. Nb5 c6 14. dxc6 bxc6 15. Nc3 f4 16. f3 Qe7 17. Na4 Rd8 18. Qc2 Rd4 19. Rfd1 fxg3 20. hxg3 Ba6 21. b3 Rad8 22. Rxd4 Rxd4 23. Rd1 Qd6 24. Nc3 Qc5 25. Kf1 Bf6 26. Ne2 Rd6 27. Rd3 Bd8 28. Qd1 Rxd3 29. Qxd3 Bb6 30. Ke1 Qf2+ 31. Kd1 Qxg2 32. Qd6 Qxf3 33. Qxe6+ Qf7 34. Qxe5 Qd7+ 35. Ke1 Be3 36. Qc3 Bc5 37. Qe5 Bb4+ 38. Kf2 Qf7+ 39. Kg2 Qe7 40. Qb8+ Kh7 41. e5 Qb7 42. Qe8 Qe7 43. Qb8 c5 44. Kg1 g5 45. Kh2 Qf7 46. Qd6 Qf2+ 47. Kh3 Qf1+ 0-1

[Event "Ruhrgebiet VK2 0001"]
[Site "Ruhrgebiet"]
[Date "2000.11.19"]
[Round "3"]
[White "Happel, Ludger"]
[Black "Schmock, Sven"]
[Result "1-0"]
[WhiteElo "1855"]
[BlackElo "1852"]
[PlyCount "93"]
[EventDate "2000.09.17"]
[EventType "team-tourn"]
[EventRounds "9"]
[EventCountry "GER"]
[SourceTitle "EXT 2023"]
[Source "ChessBase"]
[SourceDate "2022.10.05"]
[SourceVersion "1"]
[SourceVersionDate "2022.10.05"]
[SourceQuality "1"]
[WhiteTeam "Hamm Koenigsspringer"]
[BlackTeam "Eichlinghofen SV"]
[WhiteTeamCountry "GER"]
[BlackTeamCountry "GER"]

1. Nf3 d5 2. g3 c6 3. Bg2 Bf5 4. d4 e6 5. 0-0 Nf6 6. c4 dxc4 7. Ne5 Be4 8. Bxe4 Nxe4 9. Nxc4 Qd5 10. Qd3 Nd6 11. Nxd6+ Bxd6 12. Nc3 Qh5 13. Ne4 Be7 14. Qb3 b6 15. Nc3 0-0 16. e4 Rd8 17. Be3 Nd7 18. Rad1 Nf6 19. f3 Rd7 20. Ne2 Rad8 21. Kg2 Qa5 22. Nc3 Qb4 23. Qc2 Qa5 24. Rd2 Bb4 25. Rfd1 Ne8 26. e5 Nc7 27. Qe4 Nd5 28. Nxd5 cxd5 29. Qg4 Bxd2 30. Bxd2 Qxa2 31. Bh6 f6 32. exf6 g6 33. Qxe6+ Rf7 34. Re1 Qxb2+ 35. Kh3 Qb5 36. g4 Qd7 37. Qe5 b5 38. f4 b4 39. f5 a5 40. fxg6 hxg6 41. Qg5 Kh8 42. Bg7+ Kg8 43. Qh6 Rxg7 44. fxg7 Rc8 45. Qh8+ Kf7 46. Rf1+ Ke6 47. g8Q+ 1-0